000 00371nam a2200145Ia 4500
008 230917s9999||||xx |||||||||||||| ||und||
040 _e132706
_aMAIN
041 _aEnglish
082 _a658.3 P886S
100 _aPrasad, K.
245 0 _aStrategic human resource management text and cases
260 _aNew Delhi
_bMacmillan
_c2005
300 _a466p p.
942 _cBK
999 _c135274
_d135274